| 000 | 00370nam a2200121Ia 4500 | ||
|---|---|---|---|
| 008 | 220204s9999 xx 000 0 und d | ||
| 082 |
_a33(5-12) _bBOW |
||
| 100 | _aBowie, Alsadair | ||
| 245 | 4 | _aThe Politics of open economies: Indonesia, Malaysia, The Philippines and Thailand | |
| 260 |
_aU K _bCambridge Univesity Press _c1997 |
||
| 700 | _aUnger, Danny | ||
| 942 | _cBK | ||
| 999 |
_c41707 _d41707 |
||